<?xml version="1.0" encoding="UTF-8"?>
<collection xmlns="http://www.loc.gov/MARC21/slim">
<record>
  <controlfield tag="001">13494</controlfield>
  <controlfield tag="005">20220930105450.0</controlfield>
  <datafield tag="020" ind1=" " ind2=" ">
    <subfield code="a">978-84-695-9872-6</subfield>
  </datafield>
  <datafield tag="024" ind1="7" ind2=" ">
    <subfield code="2">DOI</subfield>
    <subfield code="a">10.26754/uz.978-84-695-9872-6</subfield>
  </datafield>
  <datafield tag="037" ind1=" " ind2=" ">
    <subfield code="a">BOOK--2014-003</subfield>
  </datafield>
  <datafield tag="041" ind1=" " ind2=" ">
    <subfield code="a">spa</subfield>
  </datafield>
  <datafield tag="100" ind1=" " ind2=" ">
    <subfield code="a">Vicerrectorado de Política Académica (coord)</subfield>
  </datafield>
  <datafield tag="245" ind1=" " ind2=" ">
    <subfield code="a">Gestión de la Innovación en las Titulaciones</subfield>
  </datafield>
  <datafield tag="260" ind1=" " ind2=" ">
    <subfield code="a">Zaragoza</subfield>
    <subfield code="b">Universidad de Zaragoza</subfield>
    <subfield code="c">2014</subfield>
  </datafield>
  <datafield tag="300" ind1=" " ind2=" ">
    <subfield code="a">482</subfield>
  </datafield>
  <datafield tag="520" ind1=" " ind2=" ">
    <subfield code="a">Índice de Contenidos: Parte I. Evaluación de los aprendizajes 6 Parte II. Innovación docente y empleabilidad. Desarrollo de competencias transversales, formación en colaboración la empresa, Practicum, etc Parte III. Procesos reflexivos, de elaboración congnitiva y pendsamiento crítico (blog, portafolios, wikis, webquest, debates, role-playing, audiovisuales etc.) Parte IV. Aprendizaje basado en proyectos o problemas, análisis de casos y procesos de indagación 186 Parte V. Metodologías activas, procesos de innovación y desarrollo de competencias 233 Parte VI. Aprendizaje mediante herramientas tecnológicamente avanzadas 283 Parte VII. Enseñanza semipresencial y no presencial 338 Parte VIII. Integración y orientación de estudiantes, desarrollo de competencias genéricas y experien- cias de diseño curricular 405 Parte IX. Experiencias de coordinación y mejora institucional de las titulaciones 432 Indice de autores 478</subfield>
  </datafield>
  <datafield tag="540" ind1=" " ind2=" ">
    <subfield code="9">info:eu-repo/semantics/openAccess $a Esta obra está sujeta a una licencia de uso Creative Commons. Se permite la reproducción total o parcial, la distribución, la comunicación pública de la obra y la creación de obras derivadas, siempre que no sea con finalidades comerciales, y sempre que se reconzca la autoria de la obra original. $u https://creativecommons.org/licenses/by-nc/4.0/</subfield>
  </datafield>
  <datafield tag="653" ind1="1" ind2=" ">
    <subfield code="a">enseñanza superior — investigación — congresos</subfield>
  </datafield>
  <datafield tag="653" ind1="1" ind2=" ">
    <subfield code="a">tecnología educativa — enseñanza superior — congresos</subfield>
  </datafield>
  <datafield tag="653" ind1="1" ind2=" ">
    <subfield code="a">trabajo en equipo — enseñanza superior — congresos</subfield>
  </datafield>
  <datafield tag="655" ind1=" " ind2="4">
    <subfield code="a">info:eu-repo/semantics/publishedVersion</subfield>
  </datafield>
  <datafield tag="655" ind1=" " ind2="4">
    <subfield code="a">info:eu-repo/semantics/book</subfield>
  </datafield>
  <datafield tag="700" ind1=" " ind2=" ">
    <subfield code="a">Instituto de Ciencias de la Educación (coord.)</subfield>
  </datafield>
  <datafield tag="856" ind1="0" ind2=" ">
    <subfield code="f">zaguan@unizar.es</subfield>
  </datafield>
  <datafield tag="856" ind1="4" ind2=" ">
    <subfield code="s">8698810</subfield>
    <subfield code="u">http://zaguan.unizar.es/record/13494/files/BOOK--2014-003.pdf</subfield>
    <subfield code="z">Texto completo</subfield>
  </datafield>
  <datafield tag="909" ind1="C" ind2="O">
    <subfield code="o">oai:zaguan.unizar.es:13494</subfield>
    <subfield code="p">books</subfield>
  </datafield>
  <datafield tag="980" ind1=" " ind2=" ">
    <subfield code="a">BOOK</subfield>
    <subfield code="b">CONYJOR</subfield>
  </datafield>
</record>
</collection>